[Event "Titled Tue 24th Jun Late"]
[Site "chess.com INT"]
[Date "2025.06.24"]
[Round "6"]
[White "Golis, Wiktor"]
[Black "Kourkoulos-Arditis, Stamatis"]
[Result "1-0"]
[WhiteTitle "FM"]
[BlackTitle "GM"]
[WhiteElo "2307"]
[BlackElo "2580"]
[WhiteFideId "21055874"]
[BlackFideId "4221990"]
[EventDate "2025.06.24"]

1. Nf3 d5 2. e3 Nf6 3. c4 e6 4. Nc3 Nbd7 5. b3 b6 6. Bb2 Bb7 7. cxd5 exd5 8. g3
a6 9. Bg2 Bd6 10. O-O O-O 11. Rc1 Re8 12. Ne2 b5 13. d4 Ne4 14. Nd2 Ndf6 15.
Nxe4 dxe4 16. Qc2 b4 17. Rfd1 Qe7 18. d5 Nxd5 19. Nd4 g6 20. Nc6 Qe6 21. Na5
Rab8 22. Nxb7 Rxb7 23. Qc6 Rb5 24. Bh3 f5 25. Bf1 Ne7 26. Qxe8# 1-0

[Event "Titled Tue 24th Jun Late"]
[Site "chess.com INT"]
[Date "2025.06.24"]
[Round "6"]
[White "Sroczynski, Maciej"]
[Black "Jimenez Fernandez, Rebeca"]
[Result "1-0"]
[WhiteTitle "FM"]
[BlackTitle "WFM"]
[WhiteElo "2236"]
[BlackElo "2154"]
[WhiteFideId "1121472"]
[BlackFideId "32070934"]
[EventDate "2025.06.24"]

1. Nf3 g6 2. h4 h5 3. d4 Bg7 4. e4 d6 5. Bc4 Nf6 6. Ng5 O-O 7. Nc3 a6 8. a4 b6
9. Qe2 Bb7 10. e5 dxe5 11. dxe5 Nd5 12. Bd2 e6 13. O-O-O b5 14. Bb3 c5 15. Nce4
c4 16. Ba2 Nd7 17. f4 Rc8 18. Nd6 Ba8 19. Nxc8 Qxc8 20. Rh3 c3 21. Bxc3 bxa4 22.
Bxd5 Bxd5 23. Rxd5 exd5 24. e6 fxe6 25. Qxe6+ Kh8 26. Qxg6 Bxc3 27. Qh7# 1-0

[Event "Titled Tue 24th Jun Late"]
[Site "chess.com INT"]
[Date "2025.06.24"]
[Round "6"]
[White "Dubnevych, Maksym"]
[Black "Stamatiou, Rodolfos"]
[Result "1-0"]
[WhiteTitle "FM"]
[BlackTitle "FM"]
[WhiteElo "2296"]
[BlackElo "2269"]
[WhiteFideId "14184001"]
[BlackFideId "25826530"]
[EventDate "2025.06.24"]

1. b4 d5 2. Bb2 Bf5 3. e3 Nf6 4. Nf3 e6 5. Be2 Bxb4 6. O-O O-O 7. c4 Bd6 8. Nc3
c5 9. cxd5 exd5 10. d4 c4 11. a4 a6 12. Ne5 Nc6 13. f4 h6 14. Ba3 Bxa3 15. Rxa3
Ne4 16. Nxe4 Bxe4 17. Bf3 Bxf3 18. Qxf3 Qd6 19. Ra2 f6 20. Ng6 Rfe8 21. Nh4 b5
22. Nf5 Qd7 23. Qg4 Kh8 24. Rf3 b4 25. Qg6 Rg8 26. Rh3 b3 27. Nxh6 Qxh3 28. Nf7# 1-0

[Event "Titled Tue 24th Jun Late"]
[Site "chess.com INT"]
[Date "2025.06.24"]
[Round "6"]
[White "Clawitter, Craig"]
[Black "Cornelisse, Lorelei"]
[Result "0-1"]
[BlackTitle "WFM"]
[WhiteElo "2050"]
[BlackElo "2138"]
[WhiteFideId "2023105"]
[BlackFideId "1087177"]
[EventDate "2025.06.24"]

1. e4 e5 2. Nf3 Nc6 3. Bb5 a6 4. Ba4 f5 5. d4 exd4 6. exf5 b5 7. Bb3 Nf6 8. Nxd4
Nxd4 9. Qxd4 c5 10. Qe5+ Be7 11. c3 d6 12. Qg3 Bxf5 13. Qxg7 Rf8 14. O-O c4 15.
Bd1 Rg8 16. Qh6 Be4 17. f3 Bd3 18. Re1 Rg6 19. Qf4 Qd7 20. Nd2 O-O-O 21. a4 Rdg8
22. g3 Nh5 23. Qe3 Nxg3 24. hxg3 Rxg3+ 25. Kf2 Rg2# 0-1

[Event "Titled Tue 24th Jun Late"]
[Site "chess.com INT"]
[Date "2025.06.24"]
[Round "6"]
[White "Mata Gonzalez, Jose Fernando"]
[Black "Bezuch, Martin"]
[Result "0-1"]
[WhiteTitle "CM"]
[BlackTitle "FM"]
[WhiteElo "2164"]
[BlackElo "2238"]
[WhiteFideId "5107423"]
[BlackFideId "14906333"]
[EventDate "2025.06.24"]

1. e4 g6 2. Nf3 Bg7 3. d4 d6 4. Bc4 Nf6 5. Nc3 O-O 6. Be3 Bg4 7. h3 Bxf3 8. gxf3
e5 9. dxe5 dxe5 10. Qe2 c6 11. h4 Nh5 12. Bc5 Re8 13. Be3 Qe7 14. O-O-O b5 15.
Bb3 a5 16. a4 b4 17. Nb1 Nd7 18. Kd2 Nc5 19. Bc4 Nxa4 20. Kc1 Nf4 21. Bxf4 exf4
22. c3 bxc3 23. b3 Nb2 24. Rdg1 a4 25. bxa4 Qb4 26. h5 Nxc4 27. hxg6 0-1

[Event "Titled Tue 24th Jun Late"]
[Site "chess.com INT"]
[Date "2025.06.24"]
[Round "6"]
[White "Pavlidou, Ekaterini"]
[Black "Jagodzinski, Piotr"]
[Result "1-0"]
[WhiteTitle "WIM"]
[BlackTitle "CM"]
[WhiteElo "2198"]
[BlackElo "2239"]
[WhiteFideId "4213262"]
[BlackFideId "1136593"]
[EventDate "2025.06.24"]

1. d4 d5 2. c4 e6 3. Nc3 Nf6 4. cxd5 exd5 5. Bg5 Be7 6. e3 O-O 7. Bd3 c6 8. Qc2
h6 9. Bh4 Nbd7 10. h3 Re8 11. Nf3 Ne4 12. Bxe4 Bxh4 13. Bh7+ Kh8 14. g3 Bf6 15.
Bd3 a5 16. O-O-O b5 17. g4 Nb6 18. Rdg1 Nc4 19. h4 Be7 20. g5 h5 21. Bxc4 bxc4
22. Ne5 Be6 23. g6 Rf8 24. Qe2 fxg6 25. Nxg6+ Kg8 26. Qxh5 Rf6 27. Qh8+ Kf7 28.
Ne5# 1-0

[Event "Titled Tue 24th Jun Late"]
[Site "chess.com INT"]
[Date "2025.06.24"]
[Round "6"]
[White "Terkiewicz, Bruno"]
[Black "Papasimakopoulos, Alexandros"]
[Result "0-1"]
[WhiteTitle "CM"]
[BlackTitle "IM"]
[WhiteElo "2183"]
[BlackElo "2366"]
[WhiteFideId "21093245"]
[BlackFideId "4244125"]
[EventDate "2025.06.24"]

1. e4 e6 2. d4 d5 3. Nc3 Bb4 4. e5 c5 5. a3 Bxc3+ 6. bxc3 Nc6 7. Qg4 g6 8. a4
Qa5 9. Bd2 Bd7 10. h4 h6 11. h5 g5 12. Nf3 c4 13. Be2 O-O-O 14. O-O f5 15. exf6
Nxf6 16. Qg3 Ne4 17. Qh2 Nxd2 18. Nxd2 Qxc3 19. Nf3 Nxd4 20. Nxd4 Qxd4 21. Rfd1
Qf4 22. g3 Qe5 23. Bg4 Qe4 24. Qh3 Rhf8 25. c3 Rf6 26. Ra2 Qe5 27. Rd4 Qe1+ 28.
Kg2 Qxc3 29. Rdd2 Rdf8 30. Re2 Qd4 31. f3 Qb6 32. a5 Qd6 33. a6 b5 34. Ra1 b4
35. Rae1 Re8 0-1

[Event "Titled Tue 24th Jun Late"]
[Site "chess.com INT"]
[Date "2025.06.24"]
[Round "6"]
[White "Graif, William"]
[Black "Kravtsiv, Martyn"]
[Result "0-1"]
[WhiteTitle "FM"]
[BlackTitle "GM"]
[WhiteElo "2211"]
[BlackElo "2598"]
[WhiteFideId "2609835"]
[BlackFideId "14113147"]
[EventDate "2025.06.24"]

1. e4 e5 2. Nf3 Nc6 3. d4 exd4 4. c3 d5 5. Bd3 dxe4 6. Bxe4 Nf6 7. Bxc6+ bxc6 8.
O-O dxc3 9. Qe2+ Be7 10. Rd1 Nd5 11. Nxc3 O-O 12. Ne5 Nxc3 13. bxc3 Bd6 14. Bf4
Qf6 15. Qe3 Re8 16. Re1 h6 17. Qg3 g5 18. Nd3 Rxe1+ 19. Rxe1 Bxf4 20. Re8+ Kg7
21. Qf3 Bg4 22. Qe4 Bf5 23. Qxc6 Qxc6 0-1

[Event "Titled Tue 24th Jun Late"]
[Site "chess.com INT"]
[Date "2025.06.24"]
[Round "6"]
[White "Hobson, Kenneth"]
[Black "Patel, Maahir M"]
[Result "0-1"]
[WhiteTitle "FM"]
[WhiteElo "2361"]
[BlackElo "2106"]
[WhiteFideId "480819"]
[BlackFideId "30995612"]
[EventDate "2025.06.24"]

1. e4 g6 2. d4 Bg7 3. Nc3 d5 4. Be3 dxe4 5. Nxe4 Nf6 6. Nxf6+ exf6 7. Nf3 O-O 8.
c3 c6 9. Qc2 Bf5 10. Bd3 Bxd3 11. Qxd3 Re8 12. O-O-O Nd7 13. h4 h5 14. Rhe1 Qa5
15. Kb1 b5 16. Bd2 Qa4 17. b3 Qa6 18. Rxe8+ Rxe8 19. Re1 Rxe1+ 20. Bxe1 Nf8 21.
Qe3 Qc8 22. c4 Qf5+ 23. Kb2 Qg4 24. g3 f5 25. Bc3 Qe4 26. Qxe4 fxe4 27. Nd2 f5
28. a4 b4 29. Bxb4 Bxd4+ 30. Kc2 Bxf2 31. Nf1 Ne6 32. Bd6 Kf7 33. b4 Nd4+ 34.
Kd2 Nf3+ 35. Ke2 Bb6 36. c5 Bd8 37. b5 cxb5 38. axb5 Nd4+ 39. Kd2 Nxb5 40. Bf4
Ke6 41. Ne3 Bf6 42. Nc4 Kd5 43. Na5 Kxc5 44. Be3+ Kd5 0-1

[Event "Titled Tue 24th Jun Late"]
[Site "chess.com INT"]
[Date "2025.06.24"]
[Round "6"]
[White "Norowitz, Yaacov"]
[Black "Holinka, Henning"]
[Result "0-1"]
[WhiteTitle "IM"]
[BlackTitle "FM"]
[WhiteElo "2400"]
[BlackElo "2303"]
[WhiteFideId "2024799"]
[BlackFideId "12967084"]
[EventDate "2025.06.24"]

1. d4 d5 2. Nf3 e6 3. c3 Bd6 4. Bg5 f6 5. Bh4 g5 6. Bg3 h5 7. Bxd6 Qxd6 8. Nfd2
c5 9. e4 cxd4 10. cxd4 Nc6 11. Bb5 Ne7 12. Nc3 a6 13. Bxc6+ Nxc6 14. exd5 exd5
15. O-O Kf7 16. Re1 Nxd4 0-1

[Event "Titled Tue 24th Jun Late"]
[Site "chess.com INT"]
[Date "2025.06.24"]
[Round "6"]
[White "Sailer, Mike"]
[Black "Fernandez Bustamante, Leancy B."]
[Result "0-1"]
[BlackTitle "WFM"]
[WhiteElo "2108"]
[BlackElo "2130"]
[WhiteFideId "2012901"]
[BlackFideId "3523870"]
[EventDate "2025.06.24"]

1. d4 c5 2. e3 cxd4 3. exd4 d6 4. Nf3 Nf6 5. Bf4 g6 6. Be2 Qb6 7. Qc1 Bg7 8. O-O
O-O 9. Nbd2 Bf5 10. Nc4 Qc7 11. Qd2 Nc6 12. c3 Rac8 13. Ne3 Ne4 14. Qd1 Bd7 15.
Nd5 Qd8 16. Bd3 f5 17. Re1 e6 18. Ne3 e5 19. Bxe4 fxe4 20. Bg5 Qe8 21. Nd2 exd4
22. cxd4 Nxd4 23. Rc1 Rxc1 24. Qxc1 Qe5 25. Bh4 Rc8 26. Qd1 Nf5 27. Nxf5 gxf5
28. Qb3+ Be6 29. Qxb7 Qxb2 30. Nf1 Qxb7 0-1

[Event "Titled Tue 24th Jun Late"]
[Site "chess.com INT"]
[Date "2025.06.24"]
[Round "6"]
[White "Deichmann, Esteban Horacio"]
[Black "Kobo, Ori"]
[Result "0-1"]
[BlackTitle "GM"]
[WhiteElo "2103"]
[BlackElo "2493"]
[WhiteFideId "167410"]
[BlackFideId "2812320"]
[EventDate "2025.06.24"]

1. e4 c5 2. c3 d5 3. exd5 Nf6 4. d4 Nxd5 5. Nf3 e6 6. Bd3 cxd4 7. cxd4 Nc6 8.
O-O Be7 9. Nc3 O-O 10. Be3 b6 11. Rc1 Bb7 12. Bb1 Rc8 13. Qe2 Re8 14. Rfd1 g6
15. h3 Na5 16. Ne5 Nxc3 17. bxc3 Qd5 18. f3 Ba3 19. Be4 Qd8 20. Bxb7 Nxb7 21.
Rc2 Bf8 22. Qa6 Nd6 23. Qxa7 f6 24. Nd7 Ra8 25. Qxa8 Qxa8 26. Nxf6+ Kf7 27. Nxe8
Qxe8 28. c4 Qa4 29. Rdc1 Nf5 30. Bf2 Bh6 31. c5 Bxc1 32. Rxc1 bxc5 33. dxc5 Ne7
34. Kh2 Qf4+ 0-1

[Event "Titled Tue 24th Jun Late"]
[Site "chess.com INT"]
[Date "2025.06.24"]
[Round "6"]
[White "Craciun, Sasha-Matei"]
[Black "Lysyj, Igor"]
[Result "0-1"]
[WhiteTitle "FM"]
[BlackTitle "GM"]
[WhiteElo "2320"]
[BlackElo "2582"]
[WhiteFideId "1281186"]
[BlackFideId "4150120"]
[EventDate "2025.06.24"]

1. e4 e5 2. Nf3 Nc6 3. Bb5 a6 4. Ba4 Nf6 5. O-O Nxe4 6. d4 b5 7. Bb3 d5 8. dxe5
Be6 9. c3 Be7 10. Be3 Qd7 11. Nbd2 Nxd2 12. Qxd2 Na5 13. Bc2 Nc4 14. Qc1 Bg4 15.
Nd4 Nxe5 16. h3 Bh5 17. Bf5 Qd6 18. Bf4 Bf6 19. Re1 O-O 20. Qe3 Rfe8 21. Qg3 c5
22. Nb3 Re7 23. Nxc5 Qxc5 24. Bxe5 Rae8 25. Bxf6 Rxe1+ 26. Rxe1 Rxe1+ 27. Kh2
Bg6 28. Bd4 Qf8 29. Bg4 Re4 30. Qc7 h6 31. Bf3 Re6 32. Bxd5 Qd6+ 33. Qxd6 Rxd6
34. Bb7 Bb1 35. a3 Re6 36. Kg3 Be4 37. Bc8 Re8 38. Bxa6 Bc6 39. c4 bxc4 40. Bxc4
Re4 0-1

[Event "Titled Tue 24th Jun Late"]
[Site "chess.com INT"]
[Date "2025.06.24"]
[Round "6"]
[White "Beulen, Marcel"]
[Black "Gattani, Sarthak"]
[Result "0-1"]
[WhiteTitle "FM"]
[WhiteElo "2359"]
[BlackElo "1944"]
[WhiteFideId "1001450"]
[BlackFideId "30995965"]
[EventDate "2025.06.24"]

1. e4 e5 2. Nf3 Nc6 3. Nc3 Nf6 4. d4 exd4 5. Nxd4 Bb4 6. Nxc6 bxc6 7. Bd3 d5 8.
exd5 cxd5 9. O-O O-O 10. h3 h6 11. Qf3 c6 12. Bf4 Bd6 13. Rfe1 Be6 14. Ne2 c5
15. Bxd6 Qxd6 16. Nf4 Rae8 17. Rad1 Qc7 18. c4 d4 19. Nxe6 fxe6 20. Qe2 e5 21.
Be4 Nxe4 22. Qxe4 Qf7 23. Qe2 e4 24. b3 e3 25. fxe3 Rxe3 26. Qd2 Rfe8 27. Rxe3
Rxe3 28. Re1 Qf4 29. Rxe3 dxe3 30. Qe2 Qd4 31. Kh2 Qd2 32. Qg4 e2 33. Qe6+ Kf8
34. Qc8+ Ke7 35. Qc7+ Ke6 36. Qc6+ Qd6+ 0-1

[Event "Titled Tue 24th Jun Late"]
[Site "chess.com INT"]
[Date "2025.06.24"]
[Round "6"]
[White "Korchynskyi, Mykola"]
[Black "Shearsby, Jude"]
[Result "1-0"]
[WhiteTitle "FM"]
[BlackTitle "CM"]
[WhiteElo "2335"]
[BlackElo "2160"]
[WhiteFideId "34138005"]
[BlackFideId "462527"]
[EventDate "2025.06.24"]

1. d4 Nc6 2. c4 e5 3. dxe5 Nxe5 4. e3 Nf6 5. Nc3 Bb4 6. Bd2 O-O 7. Be2 d6 8. Nf3
Be6 9. Nxe5 dxe5 10. O-O c6 11. Qc2 Qc7 12. Rad1 Rad8 13. Nd5 cxd5 14. Bxb4 Rfe8
15. b3 Rc8 16. c5 Red8 17. a4 d4 18. exd4 exd4 19. Bc4 Ng4 20. g3 Bxc4 21. Qxc4
Ne5 22. Qe2 d3 23. Qe3 Nc6 24. Bc3 Qd7 25. Qg5 Nd4 26. Rxd3 Ne2+ 27. Kh1 Qc6+
28. f3 f6 29. Rxd8+ Rxd8 30. Qe3 Re8 31. Qd3 Qxc5 32. Bd2 Qh5 33. Kg2 Qe5 34.
Re1 Kh8 35. Kf2 Qc5+ 36. Be3 1-0

[Event "Titled Tue 24th Jun Late"]
[Site "chess.com INT"]
[Date "2025.06.24"]
[Round "6"]
[White "Evdokimov, Alexey"]
[Black "Vlassis, Georgios"]
[Result "1-0"]
[WhiteTitle "FM"]
[BlackTitle "FM"]
[WhiteElo "2205"]
[BlackElo "2005"]
[WhiteFideId "24162450"]
[BlackFideId "4203399"]
[EventDate "2025.06.24"]

1. d4 d5 2. c4 e6 3. Nc3 Nf6 4. Nf3 Be7 5. Bg5 Nbd7 6. e3 O-O 7. cxd5 exd5 8.
Bd3 c6 9. O-O Re8 10. Ne5 Nf8 11. f4 Ne4 12. Nxe4 dxe4 13. Bxe7 Qxe7 14. Bc4 Be6
15. Rc1 Bxc4 16. Nxc4 f5 17. Ne5 Rad8 18. Qb3+ Rd5 19. Rc5 Rd8 20. Rfc1 Ne6 21.
Rxd5 Rxd5 22. h3 g5 23. fxg5 Qxg5 24. Nxc6 bxc6 25. Rxc6 Nxd4 26. Qxd5+ Kg7 27.
Qxd4+ 1-0

[Event "Titled Tue 24th Jun Late"]
[Site "chess.com INT"]
[Date "2025.06.24"]
[Round "6"]
[White "Goncharov, Vladimir"]
[Black "Arias Igual, Alejandro"]
[Result "1-0"]
[BlackTitle "FM"]
[WhiteElo "2077"]
[BlackElo "2242"]
[WhiteFideId "34162256"]
[BlackFideId "2254905"]
[EventDate "2025.06.24"]

1. d4 Nf6 2. c4 g6 3. Nc3 Bg7 4. e4 O-O 5. h3 d6 6. Be3 Na6 7. g4 e5 8. d5 Nc5
9. f3 a5 10. Nge2 c6 11. Qd2 cxd5 12. exd5 e4 13. f4 Nd3+ 14. Kd1 Bxg4 15. hxg4
Nxg4 16. Kc2 Rc8 17. Ng3 f5 18. Bxd3 exd3+ 19. Qxd3 Nxe3+ 20. Qxe3 Re8 21. Qd3
Qf6 22. Rae1 Rxe1 23. Rxe1 Qh4 24. Rf1 Re8 25. Nge2 Qh2 26. Kb3 Qg2 27. Rd1 Qf2
28. Nd4 Qxf4 29. Ne6 Qe5 30. Rd2 Bf6 31. Re2 1-0

[Event "Titled Tue 24th Jun Late"]
[Site "chess.com INT"]
[Date "2025.06.24"]
[Round "6"]
[White "Fadi, Marko"]
[Black "Ladan, Nicholas"]
[Result "1-0"]
[WhiteTitle "FM"]
[WhiteElo "2298"]
[BlackElo "2218"]
[WhiteFideId "10605371"]
[BlackFideId "30918855"]
[EventDate "2025.06.24"]

1. e4 e5 2. Nc3 Nc6 3. g3 Bc5 4. Bg2 d6 5. Nge2 f5 6. Na4 Nf6 7. Nxc5 dxc5 8. d3
O-O 9. exf5 Bxf5 10. Be3 Qe7 11. O-O Rad8 12. Qc1 Nd4 13. Nc3 c6 14. h3 Qd7 15.
Kh2 Nd5 16. Bg5 Rde8 17. Ne4 Bxe4 18. Bxe4 Nf6 19. Bg2 Qf5 20. Be3 Qh5 21. c3
Ng4+ 22. Kh1 Nxe3 23. fxe3 Rxf1+ 24. Bxf1 Nf5 25. g4 Ng3+ 26. Kg2 Qh4 27. Qe1
Nxf1 28. Qxh4 Nxe3+ 29. Kf3 1-0

[Event "Titled Tue 24th Jun Late"]
[Site "chess.com INT"]
[Date "2025.06.24"]
[Round "6"]
[White "Rao, Anjaneya Sripathy"]
[Black "Ferraz, Michel Liah"]
[Result "0-1"]
[WhiteTitle "CM"]
[WhiteElo "2217"]
[BlackElo "2007"]
[WhiteFideId "30954770"]
[BlackFideId "22743219"]
[EventDate "2025.06.24"]

1. c4 e6 2. Nf3 d5 3. cxd5 exd5 4. g3 Nf6 5. Bg2 c6 6. d4 Bf5 7. Bf4 Bb4+ 8.
Nbd2 O-O 9. O-O h6 10. Qb3 Qb6 11. a3 Be7 12. Qxb6 axb6 13. Ne5 b5 14. b4 Nbd7
15. Nxd7 Nxd7 16. e4 dxe4 17. Nxe4 Nb6 18. Nc5 Bxc5 19. bxc5 Nc4 20. d5 Bd7 21.
d6 Rxa3 22. Rae1 Be6 23. Rxe6 fxe6 24. Rd1 e5 25. d7 Raa8 26. Bh3 exf4 27. Be6+
Kh7 0-1

[Event "Titled Tue 24th Jun Late"]
[Site "chess.com INT"]
[Date "2025.06.24"]
[Round "6"]
[White "Makridis, Dimitrios"]
[Black "Terletsky, Oleg"]
[Result "1-0"]
[WhiteTitle "FM"]
[BlackTitle "IM"]
[WhiteElo "2283"]
[BlackElo "2160"]
[WhiteFideId "25864475"]
[BlackFideId "14116774"]
[EventDate "2025.06.24"]

1. e4 e5 2. Nf3 Nc6 3. d4 exd4 4. Nxd4 Nf6 5. Nxc6 bxc6 6. e5 Qe7 7. Qe2 Nd5 8.
c4 Ba6 9. Nd2 O-O-O 10. Nf3 f6 11. Qc2 Nb6 12. b3 fxe5 13. Bg5 Qb4+ 14. Bd2 Qa3
15. Be2 Bb4 16. O-O Rhe8 17. Bc1 Qa5 18. a3 Bc3 19. Ra2 e4 20. Ng5 Bd4 21. Nf7
Qf5 22. Nxd8 Rxd8 23. Be3 c5 24. b4 d6 25. a4 Bb7 26. a5 Nd7 27. a6 Ba8 28. bxc5
dxc5 29. Qd1 Ne5 30. Qb1 Nf3+ 31. Bxf3 1-0

[Event "Titled Tue 24th Jun Late"]
[Site "chess.com INT"]
[Date "2025.06.24"]
[Round "6"]
[White "Chiu, Isaac"]
[Black "Nalbandyan, Vahan"]
[Result "0-1"]
[BlackTitle "CM"]
[WhiteElo "2226"]
[BlackElo "2155"]
[WhiteFideId "30900654"]
[BlackFideId "13309439"]
[EventDate "2025.06.24"]

1. e4 e5 2. Nf3 Nc6 3. Bc4 Nf6 4. d3 h6 5. O-O Be7 6. Re1 O-O 7. c3 d6 8. h3 Na5
9. Bb5 c6 10. Ba4 b5 11. Bc2 c5 12. a4 b4 13. Nbd2 Rb8 14. d4 bxc3 15. bxc3 cxd4
16. cxd4 Nc6 17. Ba3 Ba6 18. Rc1 Re8 19. Nb3 Rc8 20. Bb1 Qb6 21. Re3 Bf8 22.
Rec3 exd4 23. Nbxd4 Nxd4 24. Rxc8 Rxc8 25. Nxd4 Rxc1 26. Bxc1 Qxb1 27. f3 Qd3 0-1

[Event "Titled Tue 24th Jun Late"]
[Site "chess.com INT"]
[Date "2025.06.24"]
[Round "6"]
[White "Jing, Andrew"]
[Black "Harriott, Tyrell"]
[Result "1-0"]
[WhiteTitle "FM"]
[WhiteElo "2292"]
[BlackElo "1924"]
[WhiteFideId "30984076"]
[BlackFideId "2086484"]
[EventDate "2025.06.24"]

1. e4 d5 2. exd5 Nf6 3. Nf3 Qxd5 4. d4 Bg4 5. Be2 Nc6 6. c3 O-O-O 7. Be3 Qh5 8.
h3 e5 9. Nbd2 exd4 10. cxd4 Bb4 11. a3 Ba5 12. b4 Bb6 13. O-O Kb8 14. hxg4 Nxg4
15. Bf4 f5 16. Qc2 Rxd4 17. Nxd4 Nxd4 18. Qc4 g5 19. Bxg4 Qxg4 20. Bh2 Rd8 21.
Kh1 f4 22. f3 Qh4 23. Nb3 Nf5 24. Nc5 Ng3+ 25. Kg1 a6 26. Rfd1 Re8 27. Bxg3 fxg3
28. Qxh4 gxh4 29. Re1 Rd8 30. Rad1 Rg8 31. Re4 Ka7 32. Rxh4 Re8 33. Re4 Rg8 34.
a4 a5 35. Rd5 c6 36. Rh5 Rd8 37. Kf1 axb4 38. Rxb4 Rd2 39. a5 Bc7 40. Rxb7+ Ka8
41. Rxc7 Rf2+ 42. Kg1 Rc2 43. Kf1 Rf2+ 44. Ke1 Rxg2 45. Rhxh7 1-0

[Event "Titled Tue 24th Jun Late"]
[Site "chess.com INT"]
[Date "2025.06.24"]
[Round "6"]
[White "Tica, Sven"]
[Black "Paravyan, David"]
[Result "0-1"]
[WhiteTitle "IM"]
[BlackTitle "GM"]
[WhiteElo "2442"]
[BlackElo "2589"]
[WhiteFideId "14526948"]
[BlackFideId "4194985"]
[EventDate "2025.06.24"]

1. Nf3 d5 2. g3 Nf6 3. Bg2 e6 4. d4 Be7 5. c4 O-O 6. Nc3 dxc4 7. Ne5 Nc6 8. Bxc6
bxc6 9. Nxc6 Qe8 10. Nxe7+ Qxe7 11. Qa4 Nd5 12. Qxc4 a5 13. O-O Ba6 14. Qa4 Nxc3
15. bxc3 Bxe2 16. Ba3 Qe8 17. Qc2 Bxf1 18. Rxf1 Rb8 19. Bxf8 Qxf8 20. Rb1 g6 21.
Rxb8 Qxb8 22. Qb3 Qa8 23. c4 Qe4 24. d5 exd5 25. cxd5 Qd4 26. Qb5 a4 27. h4 a3
28. Qb3 Qc5 29. Kg2 h5 30. Qd3 Qb4 31. Kf3 Kf8 32. Ke3 Qc5+ 33. Qd4 Qc1+ 34. Qd2
Qb1 35. Kf4 Qf5+ 36. Ke3 Qe5+ 37. Kf3 f5 38. Qb4+ Kf7 39. Qxa3 Qe4# 0-1

[Event "Titled Tue 24th Jun Late"]
[Site "chess.com INT"]
[Date "2025.06.24"]
[Round "6"]
[White "Lin, Bryan Enming"]
[Black "Esipenko, Andrey"]
[Result "0-1"]
[WhiteTitle "FM"]
[BlackTitle "GM"]
[WhiteElo "2343"]
[BlackElo "2689"]
[WhiteFideId "30987121"]
[BlackFideId "24175439"]
[EventDate "2025.06.24"]

1. e4 e6 2. d4 d5 3. Nd2 a6 4. Bd3 c5 5. dxc5 Bxc5 6. Ngf3 Nc6 7. O-O Nge7 8.
Qe2 O-O 9. c3 h6 10. e5 f6 11. Nb3 Ba7 12. exf6 Rxf6 13. Bc2 Qd6 14. Be3 e5 15.
Bxa7 Rxa7 16. h3 Ng6 17. Bxg6 Rxg6 18. Kh1 b5 19. Rfe1 e4 20. Nfd4 Ne5 21. f3
Nd3 22. fxe4 dxe4 23. Rf1 Re7 24. Qd2 Rg3 25. Ne2 e3 26. Qc2 Rxh3+ 27. gxh3 Bb7+
28. Kg1 Qg6+ 0-1

[Event "Titled Tue 24th Jun Late"]
[Site "chess.com INT"]
[Date "2025.06.24"]
[Round "6"]
[White "Guha, Eshan"]
[Black "Vlassov, Nikolai"]
[Result "0-1"]
[BlackTitle "IM"]
[WhiteElo "2071"]
[BlackElo "2291"]
[WhiteFideId "30958628"]
[BlackFideId "4103360"]
[EventDate "2025.06.24"]

1. d4 Nf6 2. c4 Nc6 3. Nf3 e6 4. e3 Bb4+ 5. Bd2 a5 6. a3 Bxd2+ 7. Qxd2 d6 8. Nc3
O-O 9. Bd3 e5 10. O-O Bg4 11. d5 Bxf3 12. gxf3 Nb8 13. Kh1 Na6 14. Rg1 Nh5 15.
Qc2 g6 16. Be2 f5 17. f4 Qh4 18. fxe5 dxe5 19. Rg2 Nc5 20. Rag1 Kh8 21. Nb5 Rf7
22. Qd1 Nf6 23. d6 c6 24. Nc3 Rd8 25. b4 axb4 26. axb4 Nce4 27. Nxe4 Nxe4 28.
Qa1 Nxf2+ 29. Rxf2 Qxf2 30. Qxe5+ Kg8 31. Bd3 Qf3+ 32. Rg2 Qd1+ 33. Rg1 Qxd3 0-1

[Event "Titled Tue 24th Jun Late"]
[Site "chess.com INT"]
[Date "2025.06.24"]
[Round "6"]
[White "Nersisyan, Garnik"]
[Black "Yatskar, Martin"]
[Result "1/2-1/2"]
[WhiteTitle "CM"]
[BlackTitle "CM"]
[WhiteElo "2035"]
[BlackElo "2225"]
[WhiteFideId "13300741"]
[BlackFideId "34109676"]
[EventDate "2025.06.24"]

1. e4 e5 2. Nc3 Nc6 3. d3 Nf6 4. g3 Bb4 5. Bg2 d5 6. exd5 Nxd5 7. Ne2 Nxc3 8.
Nxc3 O-O 9. O-O Re8 10. Qh5 g6 11. Qg5 Be7 12. Qh6 Bf8 13. Qg5 Qxg5 14. Bxg5 Nd4
15. Rac1 c6 16. Rfe1 Bg7 17. Ne2 Ne6 18. Be3 f5 19. c3 Bf8 20. f4 Nc5 21. Bxc5
Bxc5+ 22. Kf1 e4 23. Nd4 Bxd4 24. cxd4 Be6 25. dxe4 fxe4 26. Rxe4 Bxa2 27. Rce1
Kf7 28. Rxe8 Rxe8 29. Rxe8 Kxe8 30. Ke2 Ke7 31. g4 a5 32. Kd3 Kd6 33. h4 Be6 34.
Bf3 b5 35. Bd1 Bc4+ 36. Ke4 Be6 37. f5 gxf5+ 38. gxf5 Bd5+ 39. Kf4 h6 40. Bg4
Ke7 41. Ke5 Kf7 42. Bh5+ Ke7 43. f6+ Kf8 44. Kd6 a4 45. Kc5 Kg8 46. Be8 Kf8 47.
Bxc6 Bxc6 48. Kxc6 b4 49. d5 a3 50. bxa3 bxa3 51. d6 a2 52. d7 a1=Q 53. d8=Q+
Kf7 54. Qe7+ Kg6 55. Qg7+ Kh5 56. Kd6 Qd4+ 57. Ke6 Qe4+ 58. Kf7 Qd5+ 59. Kf8
Qd8+ 60. Kf7 Qd7+ 61. Kg8 Qe8+ 62. Kh7 Qe4+ 63. Kh8 Qe8+ 64. Qg8 Qe5 65. Qg7
Qe8+ 66. Kh7 Qe4+ 67. Kh8 Qe8+ 1/2-1/2